000 01053nac a22002411u 4500
010 _a00054552
020 _a0471623547 (pbk. : alk. paper)
082 0 0 _a621.3822
_bB1513
090 _c944
_d944
100 _aBaher, H.
245 1 0 _aAnalog & digital signal processing /
_cH. Baher.
246 3 0 _aAnalog and digital signal processing
250 _a2nd ed.
260 _aChichester ;
_aNew York :
_bJ. Wiley,
_cc2001.
300 _axxi, 497 p. :
_bill. ;
_c25 cm.
504 _aIncludes bibliographical references (p. 484-485) and index.
650 0 _aSignal processing.
856 4 2 _3Contributor biographical information
_uhttp://www.loc.gov/catdir/bios/wiley042/00054552.html
856 4 2 _3Publisher description
_uhttp://www.loc.gov/catdir/description/wiley034/00054552.html
856 4 2 _3Table of Contents
_uhttp://www.loc.gov/catdir/toc/onix05/00054552.html
942 _cBB
_k621.3822B1513
999 _c944
_d944